[Event "Hengelo U12 op"]
[Site "Hengelo"]
[Date "2005.08.09"]
[Round "3"]
[White "Van Dorp, Jan"]
[Black "Duijm, Erik"]
[Result "1-0"]
[WhiteElo "1448"]
[BlackElo "1191"]
[PlyCount "45"]
[EventDate "2005.08.??"]
[EventType "swiss"]
[EventRounds "13"]
[EventCountry "NED"]
[SourceTitle "CBM 107 Extra"]
[Source "ChessBase"]
[SourceDate "2005.09.01"]
[SourceVersion "1"]
[SourceVersionDate "2005.09.01"]
[SourceQuality "1"]

1. e4 e5 2. Nf3 Nc6 3. Bc4 Bc5 4. Nc3 Nf6 5. d3 0-0 6. 0-0 d5 7. exd5 Nd4 8. Nxe5 Re8 9. Re1 Bd6 10. Bf4 Bf5 11. Nb5 c6 12. Nxd4 Qc7 13. Nxf5 Bxe5 14. Bxe5 Rxe5 15. d6 Rxe1+ 16. Qxe1 Qd7 17. Qe5 Re8 18. Qf4 Nh5 19. Qg4 g6 20. Nh6+ Kg7 21. Qxd7 Re2 22. Qxf7+ Kh8 23. Qg8# 1-0

[Event "Hengelo U12 op"]
[Site "Hengelo"]
[Date "2005.08.08"]
[Round "1"]
[White "Reyniers, Pieter"]
[Black "Duijm, Erik"]
[Result "1-0"]
[WhiteElo "1625"]
[BlackElo "1191"]
[PlyCount "65"]
[EventDate "2005.08.??"]
[EventType "swiss"]
[EventRounds "13"]
[EventCountry "NED"]
[SourceTitle "CBM 107 Extra"]
[Source "ChessBase"]
[SourceDate "2005.09.01"]
[SourceVersion "1"]
[SourceVersionDate "2005.09.01"]
[SourceQuality "1"]

1. Nc3 c5 2. e4 Nc6 3. g3 d6 4. Bg2 g6 5. Nge2 Bg7 6. 0-0 Nf6 7. d3 0-0 8. Be3 e5 9. Qd2 Be6 10. f4 exf4 11. Nxf4 Qd7 12. Rae1 Rae8 13. Nxe6 Qxe6 14. Bh6 Ng4 15. Bxg7 Kxg7 16. Bh3 Nce5 17. Nd5 Qc8 18. Qc3 b5 19. Nf6 b4 20. Nxe8+ Qxe8 21. Qd2 Qc6 22. Bxg4 Nxg4 23. Qf4 Ne5 24. Qf6+ Kg8 25. Rf4 c4 26. d4 Nd7 27. Qe7 a5 28. Ref1 Qc8 29. Rxf7 Rxf7 30. Rxf7 Nf8 31. Rg7+ Kh8 32. Qf7 Qe6 33. Rg8# 1-0